Warhol : život v komiksu /

Hlavní autor: Barone, Adriano, 1976-
Další autoři: Officina Infernale, 1970-, Jacková, Andrea
Jazyk: Čeština
Vydáno: V Brně : CPress, 2020
Vydání: 1. vydání
Témata:
Fyzický popis: 222 stran : ilustrace (některé barevné), portréty ; 25 cm
Knihy
Uloženo v:
LEADER 02518nam a2200685 i 4500
001 nkc20203217536
003 CZ PrNK
005 20200806083959.0
007 ta
008 200508s2020 xr ac g 6 000 0bcze
015 |a cnb003217536 
020 |a 978-80-264-3085-8  |q (vázáno) :  |c Kč 499,00 
035 |a (OCoLC)1200255752 
040 |a BOA001  |b cze  |e rda 
041 1 |a cze  |h ita 
043 |a n-us--- 
045 |a x-x- 
072 7 |a 72/76  |x Výtvarné umění  |2 Konspekt  |9 21 
072 7 |a 929  |x Biografie  |2 Konspekt  |9 8 
080 |a 72/76.071.1  |2 MRF 
080 |a 72/76(73)  |2 MRF 
080 |a 7.038.51  |2 MRF 
080 |a 929  |2 MRF 
080 |a (73)  |2 MRF 
080 |a (092)741.52  |2 MRF 
080 |a (0:82-83)  |2 MRF 
100 1 |a Barone, Adriano,  |d 1976-  |7 xx0247315  |4 aut 
240 1 0 |a Warhol.  |l Česky 
245 1 0 |a Warhol :  |b život v komiksu /  |c Adriano Barone, Officina Infernale ; z italského originálu Warhol: L'intervista ... přeložila Andrea Jacková 
246 1 |i Název v tiráži:  |a Andy Warhol 
250 |a 1. vydání 
264 1 |a V Brně :  |b CPress,  |c 2020 
300 |a 222 stran :  |b ilustrace (některé barevné), portréty ;  |c 25 cm 
336 |a text  |b txt  |2 rdacontent 
336 |a statický obraz  |b sti  |2 rdacontent 
337 |a bez média  |b n  |2 rdamedia 
338 |a svazek  |b nc  |2 rdacarrier 
500 |a Ilustrace Officina Infernale 
500 |a Životopisná data 
504 |a Obsahuje bibliografii 
600 1 7 |a Warhol, Andy,  |d 1928-1987  |7 jn20000701934  |2 czenas 
648 7 |a 20. století  |7 ch460558  |2 czenas 
650 0 7 |a výtvarní umělci  |7 ph116709  |z Spojené státy americké  |y 20. století  |2 czenas 
650 0 7 |a americké výtvarné umění  |7 ph118397  |y 20. století  |2 czenas 
650 0 7 |a pop art  |7 ph124337  |z Spojené státy americké  |2 czenas 
650 0 9 |a artists  |z United States  |y 20th century  |2 eczenas 
650 0 9 |a American art  |y 20th century  |2 eczenas 
650 0 9 |a pop art  |z United States  |2 eczenas 
655 7 |a biografické komiksy  |7 fd1057461  |2 czenas 
655 7 |a fiktivní rozhovory  |7 fd224093  |2 czenas 
655 9 |a biographical comics  |2 eczenas 
655 9 |a imaginary conversations  |2 eczenas 
700 0 |a Officina Infernale,  |d 1970-  |7 xx0247314  |4 ill 
700 1 |a Jacková, Andrea  |7 ola2015893706  |4 trl 
910 2 |a BOA001  |b 2-1448.972 
928 9 |a Albatros Media - CPress 
990 |a BK 
995 |a 01 
991 |b 202006  |c NOV 
996 6 |b 2610827687  |c 2-1448.972  |l MZK  |r Sklad / do 1 hodiny  |n 1  |p p.v.  |w 001809702  |u 000010  |a 1  |e BOA001  |j MZK50  |s P